Normal view
MARC view
Entry Personal Name
001 - CONTROL NUMBER
- control field: 26445
003 - CONTROL NUMBER IDENTIFIER
- control field: ARRUPE
005 - DATE AND TIME OF LATEST TRANSACTION
- control field: 20161004115043.0
008 - FIXED-LENGTH DATA ELEMENTS
- fixed length control field: 161004|| aca||aabn | a|a d
040 ## - CATALOGING SOURCE
- Original cataloging agency: ARRUPE
- Transcribing agency: ARRUPE
100 ## - HEADING--PERSONAL NAME
- Personal name: G.L Chavunduka
670 ## - SOURCE DATA FOUND
- Source citation: Work cat.: (ARRUPE)27828: Chavunduka, G.L 14788, Traditional healers and the Shona patient